MARC
| LEADER | 00000cam a2200000 7i4500 | ||
|---|---|---|---|
| 001 | 0000007769 | ||
| 002 | 000008339 | ||
| 005 | 20000330.0 | ||
| 020 | |a 1853105384 | ||
| 090 | 0 | 0 | |a 629.133340423 |b VIT |
| 245 | 0 | 4 | |a The vital guide to commercial aircraft and airliners : |b including a guide to airlines and their colour schemes |
| 260 | |a England : |b Airlife , |c 1995 | ||
| 300 | |a 128p. ; |c 21cm. | ||
| 650 | 0 | 0 | |a Airlines |
| 650 | 0 | 0 | |a Airplanes |
| 999 | |a 052940 |b BUKU |c PINJAMAN |e PERPUSTAKAAN KOMUNITI PETALING JAYA | ||
| 999 | |a 052941 |b BUKU |c PINJAMAN |e PERPUSTAKAAN KOMUNITI PETALING JAYA | ||